Horse Racing Jockeys - Statistics

General Stats
  • This quiz has been taken 117 times
    38 since last reset
  • The average score is 13 of 25
Answer Stats
Hint Answer % Correct
Oisin M Murphy
87%
Ryan M Moore
84%
A.P. M McCoy
77%
Rachael B Blackmore
71%
Harry C Cobden
68%
Lanfranco D Dettori
68%
Lester P Piggott
68%
William B Buick
65%
Sam T D Twiston Davies
65%
Willie C Carson
61%
Mick F Fitzgerald
61%
Hayley T Turner
58%
Nina C Carberry
52%
Silvestre D S De Sousa
52%
Nico D B De Boinville
48%
Pat E Eddery
45%
Richard D Dunwoody
42%
Billy L Loughnane
42%
David E Egan
39%
Dick F Francis
39%
Tom Q Queally
39%
Steve C Cauthen
29%
John F Francome
26%
Richard H Hughes
26%
Joe F Fanning
23%
No matching quizzes found
Score Distribution
Percent of People with Each Score
Percentile by Number Answered
Your Score History
You have not taken this quiz since the last reset